मेरी ज़िन्दगी में चेखव / (Record no. 118095)
[ view plain ]
| 000 -LEADER | |
|---|---|
| fixed length control field | 01261nam a22002657a 4500 |
| 005 - DATE AND TIME OF LATEST TRANSACTION | |
| control field | 20170124103106.0 |
| 010 ## - LIBRARY OF CONGRESS CONTROL NUMBER | |
| LC control number | B-178835 |
| 020 ## - INTERNATIONAL STANDARD BOOK NUMBER | |
| Terms of availability | 175.00 |
| International Standard Book Number | 8126709545 |
| 035 ## - SYSTEM CONTROL NUMBER | |
| System control number | B-178835 |
| 037 ## - SOURCE OF ACQUISITION | |
| Source of stock number/acquisition | Cen Lib/Ret |
| 040 ## - CATALOGING SOURCE | |
| Original cataloging agency | DPL |
| Language of cataloging | HN |
| 082 ## - DEWEY DECIMAL CLASSIFICATION NUMBER | |
| Classification number | 921 |
| Item number | एविलो |
| 100 ## - MAIN ENTRY--PERSONAL NAME | |
| Personal name | एविलोव, लीडिया |
| 9 (RLIN) | 78308 |
| 245 ## - TITLE STATEMENT | |
| Title | मेरी ज़िन्दगी में चेखव / |
| Statement of responsibility, etc | लीडिया एविलोव; सम्पादक राजेन्द्र यादव |
| 246 ## - VARYING FORM OF TITLE | |
| Title proper/short title | Meri zindagi me chekhav / |
| Remainder of title | by Lidiya Evilav; sampadak Rajendra Yadav |
| 260 ## - PUBLICATION, DISTRIBUTION, ETC. (IMPRINT) | |
| Place of publication, distribution, etc | नई दिल्ली |
| Name of publisher, distributor, etc | राजकमल प्रकाशन |
| Date of publication, distribution, etc | 2005 |
| 270 ## - ADDRESS | |
| City | नई दिल्ली |
| Address | 1-बी, नेताजी सुभाष मार्ग, |
| Postal code | 110002 |
| 300 ## - PHYSICAL DESCRIPTION | |
| Extent | 150पृ. |
| Dimensions | 21सेमी(सजिल्द) |
| 650 ## - SUBJECT ADDED ENTRY--TOPICAL TERM | |
| Topical term or geographic name as entry element | हिन्दी साहित्य |
| 9 (RLIN) | 78309 |
| 650 ## - SUBJECT ADDED ENTRY--TOPICAL TERM | |
| Topical term or geographic name as entry element | हिन्दी -- जीवनी - लीडिया एविलोव |
| 9 (RLIN) | 78310 |
| 650 ## - SUBJECT ADDED ENTRY--TOPICAL TERM | |
| Topical term or geographic name as entry element | Hindi literature |
| 9 (RLIN) | 78311 |
| 650 ## - SUBJECT ADDED ENTRY--TOPICAL TERM | |
| Topical term or geographic name as entry element | Hindi -- Biography - Lidiya Evilav |
| 9 (RLIN) | 78312 |
| 700 ## - ADDED ENTRY--PERSONAL NAME | |
| Personal name | यादव, राजेन्द्र |
| 9 (RLIN) | 42810 |
| 942 ## - ADDED ENTRY ELEMENTS (KOHA) | |
| Source of classification or shelving scheme | Dewey Decimal Classification |
| Koha item type | Hindi Books |
| Classification part | 921 |
| Call number suffix | एविलो |
| Withdrawn status | Lost status | Damaged status | Not for loan | Home library | Current library | Date acquired | Source of acquisition | Cost, normal purchase price | Total Checkouts | Full call number | Barcode | Date last seen | Date checked out | Copy number | Cost, replacement price | Price effective from | Koha item type |
|---|---|---|---|---|---|---|---|---|---|---|---|---|---|---|---|---|---|
| Central Library | Central Library | 10/09/2015 | Cen Lib/Ret | 175.00 | 1 | 921 एविलो | B-178835 | 22/01/2020 | 14/01/2020 | 1 | 175.00 | 10/09/2015 | Hindi Books |
